| 000 | 005210000a22001930004500 | ||
|---|---|---|---|
| 001 | 003010 | ||
| 003 | MACL | ||
| 005 | 20150823151108.0 | ||
| 008 | 150823b xxu||||| |||| 00| 0 eng d | ||
| 040 |
_aMACL _cMACL |
||
| 041 | _aEnglish | ||
| 082 | _a650.1/BOA | ||
| 100 |
_aBoard, Niir _97117 |
||
| 245 |
_aJust For Starters: How To Become A Successful Businessman _cNiir Board |
||
| 260 |
_aNew Delhi _bNational Institute Of Industrial research |
||
| 350 | _a150 | ||
| 650 |
_aManagement _97118 |
||
| 942 |
_k650 _cBK _2ddc |
||
| 999 |
_c14916 _d14916 |
||